[Event "8th Prague Futures"]
[Site "Prague CZE"]
[Date "2026.03.03"]
[Round "6"]
[White "Stara,Zuzana"]
[Black "Hrckova,Anna"]
[Result "1-0"]
[WhiteElo "1976"]
[BlackElo "2041"]
[EventDate "2026.02.24"]

1. e4 e6 2. d4 d5 3. Nc3 Bb4 4. e5 c5 5. Bd2 Ne7 6. a3 Bxc3 7. Bxc3 Nbc6 8.
Nf3 cxd4 9. Bxd4 Ng6 10. Qd2 Qc7 11. Bb5 Bd7 12. Bxc6 Bxc6 13. O-O-O b6 14.
Kb1 O-O-O 15. Rhe1 Kb7 16. h4 h6 17. h5 Ne7 18. g4 Rc8 19. Rc1 Be8 20. b3
Nc6 21. Bb2 Bd7 22. Qe3 Na5 23. Nd4 Kb8 24. Rg1 Nc6 25. Nb5 Qd8 26. Nd6 Be8
27. Nxc8 Kxc8 28. f4 Bd7 29. Rcf1 Qe7 30. f5 exf5 31. gxf5 f6 32. e6 Be8
33. Qf3 Kc7 34. Rd1 d4 35. Bxd4 Rg8 36. Ka2 Na5 37. Qc3+ Kb7 38. Bxf6 Qf8
39. Be5 Nc6 40. Rdf1 Bxh5 41. Bxg7 Qd6 42. Bxh6 Rc8 43. Rg7+ Ka8 44. Rd7
Qh2 45. Rd8 Qc7 46. Rxc8+ Qxc8 47. Qc4 a6 48. f6 b5 49. Qd5 Qb7 50. Qxh5
1-0

[Event "8th Prague Futures"]
[Site "Prague CZE"]
[Date "2026.03.03"]
[Round "6"]
[White "Tolmaceva,Alona"]
[Black "Alessi,Clio"]
[Result "1-0"]
[WhiteElo "1876"]
[BlackElo "1887"]
[EventDate "2026.02.24"]

1. e4 e6 2. d4 d5 3. Nc3 dxe4 4. Nxe4 Nd7 5. Nf3 Ngf6 6. Bg5 Be7 7. Nxf6+
Nxf6 8. Bd3 c5 9. Qe2 a6 10. O-O-O Qc7 11. Kb1 Bd7 12. Rhe1 O-O 13. h4 Rfd8
14. dxc5 Qxc5 15. Ne5 Be8 16. Ng4 Bb5 17. Nxf6+ Bxf6 18. Bxf6 Bxd3 19. Rxd3
gxf6 20. Rg3+ Kf8 21. Qe4 Rac8 22. Qe2 Qd4 23. Rd3 Qxh4 24. Rh3 Qg5 25.
Rxh7 Rd2 26. Qe4 Rcxc2 27. Rh8+ Ke7 28. Qxb7+ Rd7 29. Qb8 Qg7 30. Re8+ 1-0

[Event "8th Prague Futures"]
[Site "Prague CZE"]
[Date "2026.03.03"]
[Round "6"]
[White "Jordan,Christina"]
[Black "Schirmbeck,Lilian"]
[Result "1-0"]
[WhiteElo "1890"]
[BlackElo "2036"]
[EventDate "2026.02.24"]

1. e4 c5 2. Nf3 d6 3. d4 cxd4 4. Nxd4 Nf6 5. Nc3 a6 6. Be3 e5 7. Nb3 Be7 8.
f3 Be6 9. Be2 h5 10. Qd2 Nbd7 11. Nd5 Bxd5 12. exd5 Qc7 13. Na5 e4 14. f4
Ng4 15. Bxg4 hxg4 16. O-O f5 17. c4 Bf6 18. Rac1 Nc5 19. b4 Nd3 20. Rc2 Qf7
21. Nb3 b5 22. cxb5 axb5 23. Nc1 Qxd5 24. Rd1 O-O 25. Nxd3 exd3 26. Qxd3
Qxd3 27. Rxd3 Rfe8 28. Bd2 Rac8 29. Rxc8 Rxc8 30. Rxd6 Rc2 31. Rd5 Rxa2 32.
Be3 Ra1+ 33. Kf2 Ra2+ 34. Bd2 g5 35. Ke3 Kg7 36. Rxf5 gxf4+ 37. Kd3 Kg6 38.
Rxf4 Bg5 39. Rxg4 Rxd2+ 40. Kc3 Rd1 41. h4 Kh5 42. Rxg5+ Kxh4 43. Rxb5 Rg1
44. Rb8 Kg5 45. Rf8 Rb1 46. Kc4 Rc1+ 47. Kd5 Rd1+ 48. Kc6 Rc1+ 49. Kb6 Kg6
50. Rf2 Kg7 51. b5 Rb1 52. Kc6 Rc1+ 53. Kb7 Rb1 54. b6 Re1 55. Ka7 Ra1+ 56.
Kb8 Rb1 57. b7 Re1 58. Ra2 Re8+ 59. Ka7 Re7 60. Ka8 1-0

[Event "8th Prague Futures"]
[Site "Prague CZE"]
[Date "2026.03.03"]
[Round "6"]
[White "Nguyen Doan,Bao Anh Angelina"]
[Black "Rzadkowska,Kaja"]
[Result "0-1"]
[WhiteElo "1851"]
[BlackElo "1908"]
[EventDate "2026.02.24"]

1. e4 c5 2. Nf3 d6 3. d4 cxd4 4. Nxd4 Nf6 5. Nc3 Nc6 6. Bb5 Bd7 7. Bg5 a6
8. Bxc6 bxc6 9. O-O e6 10. e5 dxe5 11. Nb3 Qc7 12. Bxf6 gxf6 13. Ne4 Be7
14. Qe2 c5 15. Rad1 h5 16. Nbxc5 Bc6 17. b4 f5 18. Nc3 Rg8 19. f3 a5 20. a3
h4 21. Rfe1 axb4 22. axb4 Qb6 23. Rb1 h3 24. g3 Bxc5+ 25. bxc5 Qxc5+ 26.
Qe3 Qxe3+ 27. Rxe3 f4 28. Rd3 fxg3 29. Rb6 Rc8 30. hxg3 Rxg3+ 31. Kh2 Rg2+
32. Kxh3 Rxc2 33. Nb5 Ke7 34. Re3 Rc5 35. Na7 Rh8+ 36. Kg3 Ba8 37. Rb5 Rg8+
38. Kh3 Rc1 39. Kh2 Ra1 40. Rbxe5 Rxa7 41. Rc5 Kf6 42. Rc4 Bd5 43. Rf4+ Ke7
44. Rc3 Kd6 45. Rc2 f5 46. Rc3 Rh7+ 0-1

[Event "8th Prague Futures"]
[Site "Prague CZE"]
[Date "2026.03.03"]
[Round "6"]
[White "Markina,Sofiia"]
[Black "Rzadkowska,Lila"]
[Result "1-0"]
[WhiteElo "1867"]
[BlackElo "1836"]
[EventDate "2026.02.24"]

1. e4 e5 2. Nf3 Nc6 3. Nc3 Nf6 4. a3 d5 5. Bb5 Bg4 6. exd5 Nxd5 7. Qe2 f6
8. Qc4 Nf4 9. Rg1 Bd7 10. d4 Ng6 11. d5 Nce7 12. Be3 a6 13. Bxd7+ Qxd7 14.
O-O-O Nf5 15. Rge1 Be7 16. h4 Nd6 17. Qd3 Qf5 18. Qxf5 Nxf5 19. h5 Nxe3 20.
fxe3 Nf8 21. Ne4 f5 22. Nc3 Nd7 23. b4 Bd6 24. Ng5 e4 25. Ne6 Be5 26. Ne2
Nb6 27. N2d4 g6 28. hxg6 hxg6 29. Rh1 Ke7 30. Rxh8 Rxh8 31. Ne2 Nc4 32.
N2f4 Kf6 33. Nc5 Nxe3 34. Nd7+ Kg7 35. Ne6+ Kg8 36. Nxe5 Nxd1 37. Kxd1 Rh1+
38. Ke2 Rg1 39. Kf2 Rc1 40. c4 Rc2+ 41. Ke3 Rxg2 42. Nxc7 Kf8 43. d6 Rg3+
44. Kf4 Rg1 45. Ne6+ Kg8 46. d7 Rf1+ 47. Ke3 f4+ 48. Ke2 1-0

[Event "8th Prague Futures"]
[Site "Prague CZE"]
[Date "2026.03.04"]
[Round "7"]
[White "Alessi,Clio"]
[Black "Markina,Sofiia"]
[Result "1/2-1/2"]
[WhiteElo "1887"]
[BlackElo "1867"]
[EventDate "2026.02.24"]

1. e4 e5 2. Nf3 Nc6 3. Nc3 Nf6 4. Bb5 Nd4 5. O-O Nxf3+ 6. Qxf3 c6 7. Be2 d6
8. d3 h6 9. Be3 g5 10. Qg3 Be6 11. Rad1 g4 12. f4 gxf3 13. Qxf3 Ng4 14. Bd2
Be7 15. Be1 Bg5 16. Bf2 Bf4 17. g3 Bg5 18. d4 Nxf2 19. Rxf2 exd4 20. Rxd4
Qc7 21. b4 O-O-O 22. Rd1 h5 23. b5 c5 24. Nd5 Bxd5 25. exd5 Kb8 26. Kh1 h4
27. g4 Rde8 28. Bf1 Re7 29. Re2 Rhe8 30. Rde1 Qd7 31. c4 Rxe2 32. Rxe2 Rxe2
33. Qxe2 Qe7 34. Kg2 Kc7 35. Qf3 Qf6 36. Qe2 Qe7 37. Qf2 Qf6 38. Qxf6 Bxf6
39. Kf3 Be5 40. h3 Kd7 41. g5 Ke7 42. Kg4 Bg3 43. Kf5 b6 44. Be2 Bf2 45.
Kg4 Kf8 46. Bd3 Bg3 47. Kh5 Kg7 48. Bf5 Bf2 49. Kg4 Bg3 50. Bd7 Kf8 51. Kf5
Ke7 52. Bc8 Be5 53. Kg4 Bg3 54. Kh5 Kf8 55. Bd7 Bf2 56. Bc8 Bg3 57. Bb7 Bf2
58. Kg4 Bg3 59. Bc8 Bf2 60. Bf5 Bg3 61. Be4 Bf2 62. Bd3 Bg3 63. Bf5 Bf2 64.
Kf3 Bg3 65. Ke4 Ke7 66. Kf3 Kf8 67. Kg4 Bf2 68. Bd7 Bg3 69. Kf5 Ke7 70. Bc8
Bf2 71. Kg4 Kf8 72. Kf3 Bg3 73. Bf5 1/2-1/2

[Event "8th Prague Futures"]
[Site "Prague CZE"]
[Date "2026.03.04"]
[Round "7"]
[White "Rzadkowska,Kaja"]
[Black "Tolmaceva,Alona"]
[Result "1-0"]
[WhiteElo "1908"]
[BlackElo "1876"]
[EventDate "2026.02.24"]

1. e4 c5 2. Nf3 g6 3. d4 cxd4 4. Nxd4 Bg7 5. c4 Nc6 6. Be3 Nf6 7. Nc3 O-O
8. Be2 d6 9. O-O Nxd4 10. Bxd4 Bd7 11. Qd2 Bc6 12. Bd3 a5 13. b3 Nd7 14.
Bxg7 Kxg7 15. Rfe1 Qb6 16. Bf1 Ne5 17. Rad1 Rfc8 18. h3 a4 19. Rb1 axb3 20.
axb3 Qb4 21. Qb2 Kg8 22. Nd5 Bxd5 23. exd5 Re8 24. Re3 e6 25. Rbe1 Qb6 26.
Kh1 g5 27. Rg3 h6 28. f4 Ng6 29. fxg5 exd5 30. gxh6 d4 31. Rxe8+ Rxe8 32.
Qf2 d5 33. cxd5 Rd8 34. Bd3 Rxd5 35. h7+ Kg7 36. Bxg6 fxg6 37. h8=Q+ Kxh8
38. Qf8+ Kh7 39. Qf7+ 1-0

[Event "8th Prague Futures"]
[Site "Prague CZE"]
[Date "2026.03.04"]
[Round "7"]
[White "Hrckova,Anna"]
[Black "Jordan,Christina"]
[Result "1/2-1/2"]
[WhiteElo "2041"]
[BlackElo "1890"]
[EventDate "2026.02.24"]

1. e4 c5 2. d4 cxd4 3. c3 Nf6 4. e5 Nd5 5. Nf3 Nc6 6. cxd4 d6 7. Bc4 dxe5
8. dxe5 e6 9. O-O Be7 10. Qe2 Nb6 11. Rd1 Qc7 12. Bb3 Nd7 13. Bf4 Nc5 14.
Bc4 a6 15. Nc3 b6 16. a3 Bb7 17. b4 Nd7 18. Rac1 O-O 19. Bd3 b5 20. Bxh7+
Kxh7 21. Qd3+ Kg8 22. Qxd7 Qb8 23. Qd2 a5 24. Nxb5 axb4 25. axb4 Nxb4 26.
Nd6 Bxf3 27. gxf3 Ra2 28. Qd4 Nd5 29. Bg3 Qb3 30. Rd3 Qb2 31. Qxb2 Rxb2 32.
f4 g6 33. h4 Rb4 34. Rf3 Kg7 35. h5 gxh5 36. f5 Bg5 37. Ra1 h4 38. Bh2 Rg4+
39. Kh1 Rb8 40. fxe6 fxe6 41. Rg1 Rbb4 42. Rf7+ Kg6 43. Rf8 Rxg1+ 44. Kxg1
Kh5 45. Rh8+ Kg4 46. Nf7 Bf4 47. Bxf4 Nxf4 48. Rg8+ Kf3 49. Ng5+ Ke2 50.
Rf8 Rb1+ 51. Kh2 Rb4 52. Rf6 Nd3 53. f3 Ke3 54. Nxe6 Nxe5 55. Ng5 Rf4 56.
Rxf4 Kxf4 1/2-1/2

[Event "8th Prague Futures"]
[Site "Prague CZE"]
[Date "2026.03.04"]
[Round "7"]
[White "Rzadkowska,Lila"]
[Black "Stara,Zuzana"]
[Result "1-0"]
[WhiteElo "1836"]
[BlackElo "1976"]
[EventDate "2026.02.24"]

1. e4 e5 2. Nf3 Nc6 3. Nc3 Nf6 4. d4 exd4 5. Nxd4 Bb4 6. Nxc6 bxc6 7. Bd3
Qe7 8. O-O O-O 9. Re1 d6 10. Bg5 Qe5 11. Qd2 Ng4 12. Bf4 Qh5 13. Be2 Qg6
14. Bxg4 Bxg4 15. Re3 Qe6 16. Rg3 Bh5 17. Qd4 Bxc3 18. Rxg7+ Kh8 19. Qxc3
f6 20. Rxc7 Rg8 21. Bg3 Be8 22. Qd4 Rd8 23. Bh4 Rg6 24. Rxa7 Bd7 25. Bg3
Be8 26. a4 h5 27. Qb6 Rd7 28. Rxd7 Qxd7 29. Qd4 Qg4 30. h3 Qg5 31. h4 Qg4
32. Re1 1-0

[Event "8th Prague Futures"]
[Site "Prague CZE"]
[Date "2026.03.04"]
[Round "7"]
[White "Schirmbeck,Lilian"]
[Black "Nguyen Doan,Bao Anh Angelina"]
[Result "0-1"]
[WhiteElo "2036"]
[BlackElo "1851"]
[EventDate "2026.02.24"]

1. d4 Nf6 2. Nf3 g6 3. g3 Bg7 4. Bg2 O-O 5. O-O d6 6. c4 c5 7. Nc3 Nc6 8.
d5 Na5 9. Nd2 e6 10. e4 Rb8 11. a3 exd5 12. exd5 Ng4 13. Qc2 Bf5 14. Nce4
b5 15. cxb5 Rxb5 16. Qa4 Rb7 17. Nxd6 Qxd6 18. Qxa5 Bd3 19. Ne4 Bxe4 20.
Bxe4 Bxb2 21. Bxb2 Rxb2 22. Bg2 Rc8 23. h3 Ne5 24. Qc3 Rb7 25. Rfe1 Re7 26.
Rab1 c4 27. Re3 Nd7 28. Rxe7 Qxe7 29. Rb7 Qe5 30. Qc2 Nb6 31. a4 c3 32. a5
Nc4 33. Rb3 Nd2 34. Ra3 Qe1+ 35. Kh2 Qxf2 36. Kh1 Qxg3 37. d6 Nf3 38. Bxf3
Qxf3+ 39. Kh2 Re8 40. Ra2 Qf4+ 41. Kg2 Qxd6 42. Qa4 Qd5+ 43. Kh2 Re1 0-1

[Event "8th Prague Futures"]
[Site "Prague CZE"]
[Date "2026.03.05"]
[Round "8"]
[White "Tolmaceva,Alona"]
[Black "Schirmbeck,Lilian"]
[Result "0-1"]
[WhiteElo "1876"]
[BlackElo "2036"]
[EventDate "2026.02.24"]

1. e4 c5 2. Nf3 d6 3. d4 cxd4 4. Nxd4 Nf6 5. Nc3 a6 6. Be3 e5 7. Nb3 Be7 8.
f3 Be6 9. Qd2 h5 10. Nd5 Nxd5 11. exd5 Bf5 12. Be2 Qc7 13. c4 a5 14. a4 Nd7
15. O-O Bg6 16. Kh1 O-O 17. f4 exf4 18. Bxf4 Bf6 19. Nd4 Bxd4 20. Qxd4 Rfe8
21. Bd3 Bxd3 22. Qxd3 Nc5 23. Qf3 Ne4 24. b3 g6 25. Rae1 f5 26. Bc1 Qg7 27.
Re2 h4 28. Rfe1 Qh7 29. Kg1 Qc7 30. Qf4 Qh7 31. Bb2 g5 32. Qc1 Qg6 33. Ba1
Kh7 34. Qb2 Re7 35. Qd4 Rae8 36. Bc3 h3 37. g4 Qf7 38. Bb2 Nf6 39. Rxe7
Rxe7 40. Rf1 Nxg4 41. Bc3 Kg6 42. Qb6 Re2 43. Qxd6+ Kh5 44. Bd4 Qe8 45. Qc7
Rg2+ 46. Kh1 Rxh2+ 47. Kg1 Rh1+ 0-1

[Event "8th Prague Futures"]
[Site "Prague CZE"]
[Date "2026.03.05"]
[Round "8"]
[White "Markina,Sofiia"]
[Black "Rzadkowska,Kaja"]
[Result "0-1"]
[WhiteElo "1867"]
[BlackElo "1908"]
[EventDate "2026.02.24"]

1. e4 c5 2. Nf3 d6 3. d4 cxd4 4. Nxd4 Nf6 5. Nc3 a6 6. Be2 e5 7. Nf3 Be7 8.
Bg5 Be6 9. Bxf6 Bxf6 10. O-O Nc6 11. Nd5 Be7 12. c3 O-O 13. Ne3 Rc8 14. Qd2
Nb8 15. Rfd1 Qc7 16. Qc2 Nd7 17. a4 h6 18. a5 Rfd8 19. Nd2 Qc6 20. Ndc4 Rb8
21. Nd5 Bxd5 22. exd5 Qc7 23. Ne3 g6 24. Ra4 Rf8 25. Rg4 Kh7 26. Bd3 Rg8
27. Rf1 Rbf8 28. f4 exf4 29. Rgxf4 Rg7 30. Qf2 Bg5 31. Rc4 Qxa5 32. Nf5
gxf5 33. Qxf5+ Kg8 34. Rg4 Ne5 35. Rg3 Nxd3 36. Qxd3 Qd8 37. Qf5 Qe7 38.
Rg4 Kh8 39. Re4 Qd8 40. Rf3 Qb6+ 41. Kf1 Qxb2 42. Rg3 Qb1+ 43. Ke2 Qc2+ 44.
Kf1 Rg6 0-1

[Event "8th Prague Futures"]
[Site "Prague CZE"]
[Date "2026.03.05"]
[Round "8"]
[White "Jordan,Christina"]
[Black "Nguyen Doan,Bao Anh Angelina"]
[Result "1-0"]
[WhiteElo "1890"]
[BlackElo "1851"]
[EventDate "2026.02.24"]

1. e4 c5 2. Nf3 d6 3. d4 cxd4 4. Nxd4 Nf6 5. Nc3 a6 6. Be3 e5 7. Nb3 Be6 8.
f3 h5 9. Qd2 Nbd7 10. O-O-O b5 11. Kb1 Rc8 12. h3 h4 13. Bd3 Be7 14. f4 Qc7
15. Qf2 Rb8 16. f5 Bxb3 17. cxb3 Nb6 18. g4 b4 19. Ne2 d5 20. exd5 Nfxd5
21. Rc1 Qd8 22. Rhd1 O-O 23. Be4 Rb7 24. Bxb6 Rxb6 25. Rxd5 Rd6 26. Rxd6
Qxd6 27. Qe3 a5 28. Ng1 a4 29. bxa4 b3 30. axb3 Rb8 31. Nf3 Bd8 32. Ka2 Bb6
33. Qd3 Qe7 34. Qd5 1-0

[Event "8th Prague Futures"]
[Site "Prague CZE"]
[Date "2026.03.05"]
[Round "8"]
[White "Stara,Zuzana"]
[Black "Alessi,Clio"]
[Result "1-0"]
[WhiteElo "1976"]
[BlackElo "1887"]
[EventDate "2026.02.24"]

1. e4 e6 2. d4 d5 3. Nc3 Nf6 4. e5 Nfd7 5. Nce2 c5 6. c3 Nc6 7. Nf3 Be7 8.
a3 a6 9. g3 O-O 10. Nf4 c4 11. h4 Nb6 12. Bh3 Na5 13. Nd2 Bd7 14. O-O Ba4
15. Qh5 Bc2 16. Qe2 Nb3 17. Nxb3 cxb3 18. Nd3 Nc4 19. f4 g6 20. h5 Bxa3 21.
bxa3 Bxd3 22. Qxd3 b2 23. Bxb2 Nxb2 24. Qc2 Nc4 25. hxg6 Ne3 26. gxf7+ Kh8
27. Qd3 Nxf1 28. Bxe6 a5 29. Rxf1 Ra6 30. f5 Qg5 31. Kg2 Rb6 32. Qc2 Rb5
33. Rh1 h6 34. a4 Rb6 35. Qc1 Qxc1 36. Rxc1 Rb2+ 37. Kf3 b5 38. Bxd5 Kg7
39. axb5 Rxb5 40. Ke4 a4 41. Ra1 Ra5 42. c4 a3 43. c5 Rd8 44. Ra2 h5 45.
Ra1 Rb8 46. c6 Rb2 47. f6+ Kf8 48. e6 Re2+ 49. Kd3 Rxd5 50. c7 Rd2+ 51.
Kxd2 Rxd4+ 52. Kc3 Rc4+ 53. Kxc4 1-0

[Event "8th Prague Futures"]
[Site "Prague CZE"]
[Date "2026.03.05"]
[Round "8"]
[White "Hrckova,Anna"]
[Black "Rzadkowska,Lila"]
[Result "0-1"]
[WhiteElo "2041"]
[BlackElo "1836"]
[EventDate "2026.02.24"]

1. e4 e5 2. Nf3 Nc6 3. Nc3 Nf6 4. Bb5 Nd4 5. O-O c6 6. Bd3 Nxf3+ 7. Qxf3 d6
8. h3 Be6 9. Be2 Rg8 10. Qg3 g5 11. Bg4 Bxg4 12. hxg4 h5 13. gxh5 g4 14. d3
Nxh5 15. Qh2 Rh8 16. f3 Qb6+ 17. Be3 Qxe3+ 18. Rf2 g3 19. Qh3 gxf2+ 20. Kh2
Bg7 21. g3 Qd2 22. Rf1 Nxg3 23. Qxh8+ Bxh8 24. Kxg3 O-O-O 0-1

[Event "8th Prague Futures"]
[Site "Prague CZE"]
[Date "2026.03.06"]
[Round "9"]
[White "Nguyen Doan,Bao Anh Angelina"]
[Black "Tolmaceva,Alona"]
[Result "*"]
[WhiteElo "1851"]
[BlackElo "1876"]
[EventDate "2026.02.24"]

1. e4 c5 2. Nf3 g6 3. d4 cxd4 4. Nxd4 Bg7 5. c4 Nc6 6. Be3 Nf6 7. Nc3 O-O
8. Be2 d6 9. O-O Nxd4 10. Bxd4 Bd7 11. h3 Bc6 12. Qc2 a5 13. Rad1 a4 14. c5
Qa5 15. cxd6 exd6 16. Kh1 Rfe8 17. Bf3 Rac8 18. Qb1 Qb4 19. Qd3 Re6 20. a3
Qa5 21. g3 Rce8 22. Rfe1 d5 23. Bxf6 dxe4 24. Nxe4 Bxe4 25. Rxe4 Bxf6 26.
Rxe6 Rxe6 27. Kg2 b6 28. Bd5 Re7 29. b4 axb3 30. Qxb3 Qc5 31. Qf3 Kg7 32.
h4 Re5 33. g4 Re7 34. g5 Bd4 35. Re1 Rd7 36. Ba2 Re7 37. Re2 Qc7 *

[Event "8th Prague Futures"]
[Site "Prague CZE"]
[Date "2026.03.06"]
[Round "9"]
[White "Rzadkowska,Lila"]
[Black "Jordan,Christina"]
[Result "1/2-1/2"]
[WhiteElo "1836"]
[BlackElo "1890"]
[EventDate "2026.02.24"]

1. d4 d5 2. c4 e6 3. Nc3 Nf6 4. Nf3 c6 5. Bg5 h6 6. Bxf6 Qxf6 7. e3 Nd7 8.
Bd3 g6 9. O-O Bg7 10. e4 dxe4 11. Nxe4 Qf4 12. c5 O-O 13. Re1 e5 14. g3 Qg4
15. Nd6 exd4 16. Re4 Qh5 17. b4 g5 18. g4 Qg6 19. Nf5 Kh8 20. Qe1 h5 21. h3
Nf6 22. Ne5 Qh7 23. Rxd4 Bxf5 24. Bxf5 Qh6 25. Rd6 hxg4 26. hxg4 Qh4 27.
Nf3 Qh3 28. Nxg5 Qh4 29. Nf3 Qh3 30. Ng5 Qh4 31. Nf3 Qh3 32. Ng5 Qh4
1/2-1/2

[Event "8th Prague Futures"]
[Site "Prague CZE"]
[Date "2026.03.06"]
[Round "9"]
[White "Rzadkowska,Kaja"]
[Black "Stara,Zuzana"]
[Result "*"]
[WhiteElo "1908"]
[BlackElo "1976"]
[EventDate "2026.02.24"]

1. e4 e5 2. Nf3 Nc6 3. d4 exd4 4. Nxd4 Nf6 5. Nxc6 bxc6 6. e5 Qe7 7. Qe2
Nd5 8. c4 Ba6 9. b3 g6 10. g3 Bg7 11. Bb2 O-O 12. Bg2 Rfe8 13. O-O Nb6 14.
Re1 d5 15. Nd2 Rad8 16. Rac1 c5 17. f4 h5 18. Qf2 d4 19. Ba3 Rb8 20. Bc6
Red8 21. Ne4 Nd7 22. Bxd7 Qxd7 23. Nxc5 Qc6 24. Nxa6 Qxa6 25. Bc5 Bf8 26.
Bxd4 Rd7 27. Bxa7 Rbd8 28. Be3 Bb4 29. Re2 Qc6 30. Rf1 Rd1 31. Qg2 Rxf1+
32. Qxf1 Rd3 *

[Event "8th Prague Futures"]
[Site "Prague CZE"]
[Date "2026.03.06"]
[Round "9"]
[White "Alessi,Clio"]
[Black "Hrckova,Anna"]
[Result "*"]
[WhiteElo "1887"]
[BlackElo "2041"]
[EventDate "2026.02.24"]

1. e4 e6 2. d4 d5 3. Nd2 c5 4. exd5 Qxd5 5. Ngf3 cxd4 6. Bc4 Qd7 7. O-O Nc6
8. Nb3 a6 9. Nbxd4 Nxd4 10. Nxd4 Qc7 11. Bb3 Bd6 12. h3 Ne7 13. Be3 O-O 14.
Qe2 b6 15. Rad1 Ng6 16. Qc4 Qxc4 17. Bxc4 Bc5 18. a3 Bb7 19. b4 Be7 20. Nb3
Rac8 21. Bd3 Bd8 22. f4 Nh4 23. Rd2 Nf5 24. Bf2 Bc7 25. g3 Rfd8 26. c4 a5
27. Bxf5 exf5 28. bxa5 Rxd2 29. Nxd2 bxa5 30. Rc1 Rd8 31. Nb3 a4 32. Nd4 g6
33. Nb5 Bb8 34. c5 Kf8 *

[Event "8th Prague Futures"]
[Site "Prague CZE"]
[Date "2026.03.06"]
[Round "9"]
[White "Schirmbeck,Lilian"]
[Black "Markina,Sofiia"]
[Result "*"]
[WhiteElo "2036"]
[BlackElo "1867"]
[EventDate "2026.02.24"]

1. d4 d5 2. Nf3 Nf6 3. g3 e6 4. Bg2 Be7 5. O-O b5 6. a4 b4 7. c4 bxc3 8.
Nxc3 a5 9. e4 dxe4 10. Ng5 Bb7 11. Ncxe4 Nxe4 12. Nxe4 Bd5 13. Qg4 O-O 14.
Bh6 Bf6 15. Nxf6+ Qxf6 16. Bxd5 exd5 17. Bf4 Nc6 18. Bxc7 Nxd4 19. Rad1 Ne6
20. Bd6 Rfd8 21. Rxd5 Qxb2 22. Rfd1 Qb7 23. Qf5 Qc6 24. Qd3 Qxa4 25. h4 h6
26. Kh2 Qc6 27. f4 a4 28. f5 Nf8 29. Qa3 Nh7 30. R5d4 Qc2+ 31. R1d2 Qxf5
32. Rxa4 Rxa4 33. Qxa4 Nf6 34. Rd4 *